| 000 | 00756nam a2200217Ii 4500 | ||
|---|---|---|---|
| 003 | JO-AjNU | ||
| 008 | 230605s9999||||xx |||||||||||||| ||und|| | ||
| 017 | _a1990/7056 | ||
| 020 | _a977-05-0947-7 | ||
| 040 |
_aJO-AjNU _bara _erda _cJO-AjNU |
||
| 041 | _aara | ||
| 050 | 1 | 4 | _aHM19 .K4 1984 |
| 100 | 3 |
_aتأليف الخشاب، مصطفى, _eauthor _936933 |
|
| 245 | 0 | 0 | _aعلم الاجتماع ومدارسه : تاريخ التفكير الاجتماعي وتطوره، ج1 |
| 264 | 3 | 1 | _aالقاهرة: مكتبة الانجلو المصرية، 1984 |
| 300 | _aج1، 323ص | ||
| 336 |
_atext _btxt _2rdacontent |
||
| 337 |
_aunmediated _bn _2rdamedia |
||
| 338 |
_avolume _bnc _2rdacarrier |
||
| 650 | 4 |
_aعلم اجتماع - مدارس _936934 |
|
| 999 |
_aA15388 _c18956 _d18956 |
||